| 000 | 00524nam a22001817a 4500 | ||
|---|---|---|---|
| 003 | CEME | ||
| 005 | 20210628204622.0 | ||
| 008 | 210219b xxu||||| |||| 00| 0 eng d | ||
| 020 | _a90-6764-1081 | ||
| 040 | _c. | ||
| 082 | _a621.3813 MIC'P | ||
| 100 |
_aPampaloni, P _971279 |
||
| 245 | _aMicrowave radio metry and remote sensing applications | ||
| 260 |
_aNETHERLANDS _bVSP _c1989 |
||
| 300 | _a362P | ||
| 650 |
_aPROCEEDINGS OF THE SPECIALIST MEETING HELD IN FLORANCE ITALY 9-11 MARCH 1988 _971280 |
||
| 942 |
_cBK _2ddc |
||
| 999 |
_c577886 _d577886 |
||